Computing with parallel architectures: T.Node /
Gespeichert in:
| Weitere Verfasser: | , |
|---|---|
| Format: | Buch |
| Sprache: | Englisch |
| Veröffentlicht: |
Dordrecht :
Kluwer Academic Publishers,
1991
|
| Ausgabe: | 1.vyd. |
| Schlagworte: | |
| Tags: |
Keine Tags, Fügen Sie das erste Tag hinzu!
|
MARC
| LEADER | 00000nam a22000003a 4500 | ||
|---|---|---|---|
| 001 | stu4664 | ||
| 005 | 20150617225810.2 | ||
| 008 | 931101s1991----ne------------------eng-d | ||
| 020 | |a 0-7923-1225-2 | ||
| 040 | |a STU |b slo | ||
| 041 | 0 | |a eng | |
| 044 | |a ne | ||
| 080 | |a 681.32.013 | ||
| 080 | |a 519.687 | ||
| 100 | 1 | |a Gassilloud, D |4 com | |
| 245 | 1 | |a Computing with parallel architectures: T.Node / |c Edit.: Gassilloud,D.; Grossetie,J.C | |
| 250 | |a 1.vyd. | ||
| 260 | |a Dordrecht : |b Kluwer Academic Publishers, |c 1991 | ||
| 300 | |a 241 s | ||
| 650 | 7 | |a paralelné počítače |2 stusub | |
| 650 | 7 | |a programovanie |2 stusub | |
| 650 | 7 | |a spracovanie obrazu |2 stusub | |
| 700 | 1 | |a Grossetie, J.C |4 xxx | |
| 996 | |c I*8M4777 |l I |s A |a 24 |w stu4664_0001 | ||